MARC

LEADER 00000nam0a2200000 4500
001 314291
005 20231102002649.0
035 |a (RuTPU)RU\TPU\book\339702 
090 |a 314291 
100 |a 20160211d1985 d y0rusy50 ca 
101 0 |a rus  |c tgk 
102 |a TJ 
105 |a a z 000ay 
200 1 |a Первая любовь Ходжи Насреддина  |e повести  |e пер. с тадж.  |f Т. К. Зульфикаров 
210 |a Душанбе  |c Маориф  |d 1985 
215 |a 160 с.  |c ил. 
606 1 |a Русская литература современная  |2 stltpush  |3 (RuTPU)RU\TPU\subj\26373  |9 50316 
610 1 |a художественная литература 
610 1 |a таджикская литература 
610 1 |a эпос 
610 1 |a легенды 
675 |a Р2  |v 4 
700 1 |a Зульфикаров  |b Т. К.  |g Тимур Касимович  |4 070 
801 1 |a RU  |b 63413507  |c 20160211 
801 2 |a RU  |b 63413507  |c 20201223  |g RCR 
942 |c BK